| 000 | 00328nam a22001217a 4500 | ||
|---|---|---|---|
| 020 | _a0-471-63119-3 | ||
| 082 | _a621.38152 INT | ||
| 100 |
_aWANG,CHENG.T _967101 |
||
| 245 | _aINTRODUCTION TO SEMICONDUCTOR TECHNOLOGY, GAAS AND RELATED COMPOUNDS | ||
| 260 |
_aNEW YORK _bJOHN WILEY & SONS _c1990 |
||
| 300 | _a603P | ||
| 942 | _cBK | ||
| 999 |
_c574951 _d574951 |
||